Cobertura previdenciária : (Record no. 1456)
[ view plain ]
| 000 -LÍDER | |
|---|---|
| Campo Fixo de Controle | 00981nam a2200277 a 4500 |
| 001 - NÚMERO DE CONTROLE | |
| Campo de Controle | 1456 |
| 003 - IDENTIFICAÇÃO DO NÚMERO DE CONTROLE | |
| Campo de Controle | BR-CuiBMT |
| 005 - DATA E HORA DA ÚLTIMA ATUALIZAÇÃO | |
| Campo de Controle | 20231213135258.0 |
| 008 - DADOS FIXOS | |
| Dados Fixos | 231201s2003 dfba 000 0 por d |
| 020 ## - INTERNATIONAL STANDARD BOOK NUMBER | |
| Nº do ISBN | 8588219069 |
| 040 ## - AGÊNCIA CATALOGADORA | |
| Código da Agência Catalogadora | BR-CuiBMT |
| Agência que transcreveu o registro | BR-CuiBMT |
| 080 ## - Nº DA CLASSIFICAÇÃO DECIMAL UNIVERSAL | |
| Nº Class. CDU | 005.521 |
| Nº edição CDU | 2007 |
| 090 ## - NÚMERO DE CHAMADA | |
| Nº classificação | 005.521 |
| Cutter | N445c |
| 100 1# - ENTRADA PRINCIPAL -- AUTOR PESSOAL | |
| Nome pessoal | Neri, Marcelo Cortes |
| 245 10 - TÍTULO PRINCIPAL | |
| Título principal | Cobertura previdenciária : |
| Subtítulo | diagnóstico e propostas / |
| Indicação de responsabilidade | Marcelo Côrtes Neri. |
| 260 ## - PUBLICAÇÃO, DISTRIBUIÇÃO, ETC. | |
| Local de publicação | Brasília : |
| Editora | Secretaria da Previdência Social, |
| Data | c2003. |
| 300 ## - DESCRIÇÃO FÍSICA | |
| N. páginas ou volumes | 324 p. : |
| Ilustrações | il. ; |
| Dimensões | 23 cm |
| 490 1# - INDICAÇÃO DE SÉRIE | |
| Título da série | Coleção previdência social. Série estudos ; |
| Volume/designação sequencial da série | v. 18 |
| 504 ## - NOTA DE BIBLIOGRAFIA, ETC. | |
| Nota de bibliografia | Inclui bibliografia. |
| 650 ## - ASSUNTO TÓPICO | |
| Cabeçalho tópico ou nome geográfico | Previdência social |
| Subdivisão geral | Estatísticas |
| Subdivisão geográfica | Brasil |
| 650 ## - ASSUNTO TÓPICO | |
| Cabeçalho tópico ou nome geográfico | Contribuintes individuais (Previdência social) |
| Subdivisão geral | Estatísticas |
| Subdivisão geográfica | Brasil |
| 650 ## - ASSUNTO TÓPICO | |
| Cabeçalho tópico ou nome geográfico | Informalidade |
| Subdivisão geral | Previdência social |
| 710 1# - ENTRADA SECUNDÁRIA -- ENTIDADE | |
| Nome da entidade ou lugar | Brasil. |
| Unidade subordinada | Secretaria de Assistência Social. |
| 830 #0 - ENTRADA SECUNDÁRIA DE SÉRIE -- TÍTULO UNIFORME | |
| Título uniforme | Previdência social. |
| Nome da parte/seção da publicação | Estudos |
| Nº do volume/designação sequencial da série | 18 |
| 942 ## - ELEMENTOS DE ENTRADA ADICIONAIS (KOHA) | |
| Fonte de classificação ou esquema de arquivamento | Classificação Decimal Universal |
| Tipo de item do Koha | Livros |
| Estado: removido | Estado: perdido | Fonte de classificação ou esquema de arquivamento | Estado: danificado | Indisponível para empréstimo | Localização permanente | Localização atual | Data de aquisição | Total Checkouts | Número de Chamada completo | Código de barras | Date last seen | Número do exemplar | Preço efetivo a partir de | Tipo de item (Koha) |
|---|---|---|---|---|---|---|---|---|---|---|---|---|---|---|
| Classificação Decimal Universal | Biblioteca da Escola Superior de Contas do TCE/MT | Biblioteca da Escola Superior de Contas do TCE/MT | 10/12/2023 | 005.521 N445c | BIBTCEMT23120350 | 10/12/2023 | Ex. 1 | 10/12/2023 | Livros | |||||
| Classificação Decimal Universal | Biblioteca da Escola Superior de Contas do TCE/MT | Biblioteca da Escola Superior de Contas do TCE/MT | 13/08/2004 | 005.521 N445c | BIBTCEMT23120369 | 11/12/2023 | Ex. 2 | 11/12/2023 | Livros | |||||
| Classificação Decimal Universal | Biblioteca da Escola Superior de Contas do TCE/MT | Biblioteca da Escola Superior de Contas do TCE/MT | 13/08/2004 | 005.521 N445c | BIBTCEMT23120370 | 11/12/2023 | Ex. 3 | 11/12/2023 | Livros |